[Event "Tournament 14472 - Europe Echecs"]
[Site "Europe Echecs"]
[Date "2020.07.10"]
[Round "3"]
[Time "15:09:57"]
[PlyCount "36"]
[White "MaufroyAlexand"]
[Black "GuillotYoann"]
[WhiteElo "1424"]
[BlackElo "1157"]
[Mode "WEB"]
[Result "1-0"]

1. e4 d5 2. exd5 Qxd5 3. Nc3 Qa5 4. d4 Nf6 5. Bd2 Bf5 6. Ne4 Qb6 7. Nxf6+ exf6
8. Bc3 Bb4 9. Qe2+ Be6 10. d5 Bxc3+ 11. bxc3 Qc5 12. O-O-O Qxc3 13. dxe6 Qa1+
14. Kd2 Qd4+ 15. Ke1 Qc3+ 16. Qd2 Qe5+ 17. Be2 Qxe6 18. Qd8# {GuillotYoann est échec et mat} 1-0

[Event "Tournament 14472 - Europe Echecs"]
[Site "Europe Echecs"]
[Date "2020.07.10"]
[Round "3"]
[Time "15:09:57"]
[PlyCount "74"]
[White "ChevillonManon"]
[Black "BerezovskyJona"]
[WhiteElo "1356"]
[BlackElo "1130"]
[Mode "WEB"]
[Result "1-0"]

1. e4 c5 2. Nf3 Nc6 3. d4 cxd4 4. Nxd4 e5 5. Nf3 Nf6 6. Bd3 Bc5 7. h3 O-O 8. Nc3
b6 9. Bg5 h6 10. Bh4 Bb7 11. Qd2 Be7 12. g4 g5 13. Bg3 d6 14. O-O-O a5 15. Kb1
a4 16. h4 Nd4 17. Nxd4 exd4 18. Ne2 a3 19. b3 Nxg4 20. hxg5 hxg5 21. f3 Ne3 22.
Rdg1 Qc7 23. Bf2 Rac8 24. Bxe3 dxe3 25. Qxe3 f6 26. f4 Ba6 27. fxg5 fxg5 28.
Rxg5+ Bxg5 29. Qxg5+ Qg7 30. Qxg7+ Kxg7 31. Bxa6 Rce8 32. Bd3 Kf6 33. Rf1+ Ke7
34. Rxf8 Rxf8 35. Kc1 Rf1+ 36. Kd2 Ke6 37. Nd4+ {BerezovskyJona a abandonné} 1-0

[Event "Tournament 14472 - Europe Echecs"]
[Site "Europe Echecs"]
[Date "2020.07.10"]
[Round "3"]
[Time "15:09:57"]
[PlyCount "60"]
[White "EstinCharbonne"]
[Black "ClairMathieu"]
[WhiteElo "1343"]
[BlackElo "1125"]
[Mode "WEB"]
[Result "1-0"]

1. e4 e6 2. d4 d5 3. exd5 exd5 4. Bd3 Bd6 5. Qf3 Nf6 6. h3 Nc6 7. c3 Bd7 8. Ne2
h6 9. Bf4 Bxf4 10. Nxf4 Be6 11. O-O Ne7 12. Re1 Qd7 13. Nd2 O-O-O 14. a4 g5 15.
Nxe6 fxe6 16. Qxf6 c6 17. a5 Rdf8 18. Qxe6 Qxe6 19. Rxe6 Re8 20. Rae1 Kd7 21.
Nb3 Nc8 22. Nc5+ Kd8 23. Nxb7+ Kd7 24. Nc5+ Kd8 25. Bf5 Ne7 26. Nb7+ Kc8 27.
Rxe7+ Kb8 28. Rxe8+ Rxe8 29. Rxe8+ Kxb7 30. Bc8+ {ClairMathieu a abandonné} 1-0

[Event "Tournament 14472 - Europe Echecs"]
[Site "Europe Echecs"]
[Date "2020.07.10"]
[Round "3"]
[Time "15:09:57"]
[PlyCount "41"]
[White "LedouxCamille"]
[Black "CourcelleVicto"]
[WhiteElo "1165"]
[BlackElo "1314"]
[Mode "WEB"]
[Result "0-1"]

1. d4 Nf6 2. Nf3 g6 3. Bf4 Bg7 4. e3 O-O 5. h3 d6 6. Bd3 Nc6 7. O-O Re8 8. Nbd2
e5 9. dxe5 dxe5 10. Bg5 Be6 11. c3 Qxd3 12. Ne1 Qa6 13. Nb3 Bc4 14. Nc5 Qb5 15.
Ncd3 Rad8 16. a4 Qd5 17. Nb4 Qxd1 18. Rxd1 Rxd1 19. Nbd3 Bxd3 20. Nxd3 Rxd3 {LedouxCamille a abandonné} 0-1

[Event "Tournament 14472 - Europe Echecs"]
[Site "Europe Echecs"]
[Date "2020.07.10"]
[Round "3"]
[Time "15:09:57"]
[PlyCount "106"]
[White "CheminadePauli"]
[Black "RevillardValen"]
[WhiteElo "1306"]
[BlackElo "1005"]
[Mode "WEB"]
[Result "1-0"]

1. e4 e5 2. Nf3 Nc6 3. Bc4 Nf6 4. Ng5 d5 5. exd5 Nxd5 6. d4 Be7 7. Nxf7 Kxf7 8.
Qf3+ Ke8 9. Bxd5 Rf8 10. Bxc6+ bxc6 11. Qh5+ g6 12. Qxe5 Bb7 13. Bg5 Rf5 14.
Qxe7+ Qxe7+ 15. Bxe7 Kxe7 16. O-O c5 17. dxc5 Rxc5 18. Re1+ Kd6 19. Nc3 Rg5 20.
Rad1+ Bd5 21. Nxd5 Rxd5 22. Rxd5+ Kxd5 23. Re7 Rb8 24. b3 Kd6 25. Rxh7 Re8 26.
Kf1 a5 27. Rh6 Rg8 28. Ke2 Re8+ 29. Kd2 Rg8 30. Kd3 Kd5 31. c3 c5 32. a3 g5 33.
b4 axb4 34. axb4 cxb4 35. cxb4 Rb8 36. Kc3 Rc8+ 37. Kb3 Kd4 38. Rg6 Rc3+ 39. Kb2
Kc4 40. Rxg5 Kxb4 41. Rg4+ Rc4 42. Rxc4+ Kxc4 43. Kc2 Kd4 44. Kd2 Ke4 45. Ke2
Kf4 46. h3 Kg5 47. Kf3 Kh4 48. g4 Kxh3 49. g5 Kh4 50. g6 Kh5 51. g7 Kh6 52. g8=Q
Kh5 53. Kf4 {RevillardValen a abandonné} 1-0

[Event "Tournament 14472 - Europe Echecs"]
[Site "Europe Echecs"]
[Date "2020.07.10"]
[Round "3"]
[Time "15:09:57"]
[PlyCount "67"]
[White "DennebouyAlexa"]
[Black "ElsadigBashirH"]
[WhiteElo "1160"]
[BlackElo "1298"]
[Mode "WEB"]
[Result "0-1"]

1. e4 c6 2. Nf3 d5 3. Nc3 Bg4 4. d3 e5 5. a3 d4 6. Na4 Qa5+ 7. c3 b5 8. b4 Qxa4
9. Bg5 Qxd1+ 10. Rxd1 Bxf3 11. gxf3 f6 12. Bd2 dxc3 13. Bxc3 c5 14. Bg2 cxb4 15.
axb4 g5 16. O-O Nc6 17. Rb1 O-O-O 18. Rfd1 Kb7 19. h3 Nge7 20. Kh1 Nd4 21. Ra1
Nec6 22. Rdb1 Be7 23. Ra2 Ne6 24. Bf1 Ncd4 25. Bxd4 Rxd4 26. Rd1 Bxb4 27. Rb2
Rc8 28. Rb3 Rc3 29. Rxc3 Bxc3 30. Rb1 b4 31. Kg1 Nf4 32. h4 h6 33. Bh3 Nxh3+ {DennebouyAlexa a abandonné} 0-1

[Event "Tournament 14472 - Europe Echecs"]
[Site "Europe Echecs"]
[Date "2020.07.10"]
[Round "3"]
[Time "15:09:57"]
[PlyCount "121"]
[White "ChofardetPierr"]
[Black "ReynaudAntoine"]
[WhiteElo "1145"]
[BlackElo "1231"]
[Mode "WEB"]
[Result "0-1"]

1. e4 e5 2. Nf3 Nc6 3. d4 exd4 4. Nxd4 Nf6 5. Nxc6 bxc6 6. Nc3 Bb4 7. e5 Nd5 8.
Bd2 Bxc3 9. Bxc3 Nxc3 10. bxc3 d6 11. exd6 Qxd6 12. Qxd6 cxd6 13. Bd3 O-O 14.
O-O-O Be6 15. a4 Rab8 16. Be4 d5 17. Bd3 h6 18. f4 Bd7 19. a5 f6 20. h3 c5 21.
g4 Bb5 22. Bg6 Bc6 23. Rhe1 Rb5 24. Re6 Bd7 25. Rd6 Be8 26. Bxe8 Rxe8 27. R6xd5
Rxa5 28. c4 Re4 29. Rd8+ Kh7 30. R1d7 Rxf4 31. Ra8 Rxc4 32. Raxa7 Rxa7 33. Rxa7
Rc3 34. Ra5 c4 35. h4 Rg3 36. g5 hxg5 37. hxg5 Rxg5 38. Ra4 c3 39. Kd1 Rd5+ 40.
Kc1 Rc5 41. Rh4+ Kg6 42. Kb1 Kg5 43. Rd4 f5 44. Rd7 g6 45. Ka2 Rb5 46. Rd3 Rb2+
47. Ka3 Rxc2 48. Kb3 Rc1 49. Rg3+ Kf6 50. Rf3 g5 51. Rxc3 Rxc3+ 52. Kxc3 Ke5 53.
Kd3 Kf4 54. Ke2 Kg3 55. Kf1 f4 56. Kg1 g4 57. Kf1 f3 58. Kg1 f2+ 59. Kf1 Kh2 60.
Kxf2 g3+ {ChofardetPierr a abandonné} 0-1

[Event "Tournament 14472 - Europe Echecs"]
[Site "Europe Echecs"]
[Date "2020.07.10"]
[Round "3"]
[Time "15:09:57"]
[PlyCount "44"]
[White "EkandeEthan"]
[Black "CayauNolanMael"]
[WhiteElo "1200"]
[BlackElo "999"]
[Mode "WEB"]
[Result "1-0"]

1. e4 e5 2. Nf3 Nc6 3. Bc4 Bc5 4. O-O Nf6 5. Nc3 O-O 6. d3 d6 7. h3 h6 8. Ne2
Nh5 9. c3 a5 10. d4 exd4 11. cxd4 Bb4 12. a3 Bxa3 13. bxa3 b5 14. Bd5 Ne7 15.
Bxa8 Ng6 16. e5 Ngf4 17. Nxf4 Nxf4 18. Bxf4 g5 19. Bc1 dxe5 20. Nxe5 f6 21. Nc6
Qd5 22. Ne7+ {CayauNolanMael a abandonné} 1-0

[Event "Tournament 14472 - Europe Echecs"]
[Site "Europe Echecs"]
[Date "2020.07.10"]
[Round "3"]
[Time "15:09:57"]
[PlyCount "160"]
[White "CastetsAntoine"]
[Black "BaylacAlison"]
[WhiteElo "1120"]
[BlackElo "1199"]
[Mode "WEB"]
[Result "1-0"]

1. e4 e5 2. Nf3 Nc6 3. Bb5 Nf6 4. Bxc6 dxc6 5. Nxe5 Qd4 6. Nf3 Qxe4+ 7. Qe2
Qxe2+ 8. Kxe2 Bd6 9. Nc3 O-O 10. d3 Re8+ 11. Kf1 Bf5 12. Bg5 Nd7 13. Re1 Be6 14.
Nd4 Bg4 15. Rxe8+ Rxe8 16. f3 Bf5 17. Nxf5 Bb4 18. Kf2 Bxc3 19. bxc3 Re5 20. Re1
f6 21. Rxe5 Nxe5 22. Bf4 Nd7 23. Bxc7 b6 24. Ne7+ Kf7 25. Nxc6 Nc5 26. Ke3 Ke6
27. Nd4+ Kd7 28. Bb8 a5 29. Ba7 Kc7 30. Nb5+ Kb7 31. d4 Na4 32. d5 Nc5 33. Kd4
Ka6 34. c4 h6 35. d6 Kb7 36. Kd5 g5 37. d7 Nxd7 38. Ke6 Kc6 39. Nd4+ Kc7 40. g4
Nc5+ 41. Kxf6 Kb7 42. Kg6 Kxa7 43. Kxh6 Ka6 44. Kxg5 a4 45. f4 Ka5 46. f5 b5 47.
f6 bxc4 48. f7 Nd7 49. Kg6 Kb4 50. Kg7 Ka3 51. Nb5+ Kxa2 52. g5 a3 53. g6 Kb2
54. Kg8 a2 55. Kh8 a1=Q 56. g7 Kxc2 57. Kh7 Qh1 58. g8=Q Nf6+ 59. Kg7 Nxg8 60.
fxg8=Q Qg2+ 61. Kf8 Qxg8+ 62. Kxg8 c3 63. Nxc3 Kxc3 64. h3 Kd3 65. h4 Ke3 66. h5
Kf4 67. h6 Kg5 68. Kh7 Kh5 69. Kg7 Kg5 70. h7 Kg4 71. h8=Q Kg5 72. Qh6+ Kg4 73.
Kf6 Kf3 74. Kf5 Ke2 75. Ke4 Kf2 76. Qe3+ Kg2 77. Kf4 Kh1 78. Qe2 Kg1 79. Kg3 Kh1
80. Qg2# {BaylacAlison est échec et mat} 1-0

[Event "Tournament 14472 - Europe Echecs"]
[Site "Europe Echecs"]
[Date "2020.07.10"]
[Round "4"]
[Time "15:39:52"]
[PlyCount "82"]
[White "CandelotClemen"]
[Black "LecciaThomas"]
[WhiteElo "2089"]
[BlackElo "1893"]
[Mode "WEB"]
[Result "1-0"]

1. e4 e6 2. d4 d5 3. Nd2 Nc6 4. Ngf3 Nf6 5. e5 Nd7 6. Bd3 Nb4 7. Be2 c5 8. c3
Nc6 9. Bd3 b6 10. O-O a5 11. Qe2 Be7 12. Re1 O-O 13. Nf1 Ncb8 14. Ng3 Ba6 15.
Bxa6 Nxa6 16. Nh5 Re8 17. g3 Nf8 18. h4 f6 19. exf6 Bxf6 20. Nxf6+ Qxf6 21. Kg2
Nc7 22. Bf4 Qf7 23. Ne5 Qe7 24. Qg4 Rec8 25. Bg5 Qd6 26. h5 Ne8 27. Qf3 Ra7 28.
Ng4 Rf7 29. Bf4 Qe7 30. Qe3 cxd4 31. cxd4 Rf5 32. h6 Nf6 33. hxg7 Qxg7 34. Nh6+
Kh8 35. Nxf5 exf5 36. Be5 N8d7 37. Rac1 Rf8 38. Rc7 Rf7 39. Bxf6 Qxf6 40. Qe8+
Nf8 41. Rxf7 {LecciaThomas a abandonné} 1-0

[Event "Tournament 14472 - Europe Echecs"]
[Site "Europe Echecs"]
[Date "2020.07.10"]
[Round "4"]
[Time "15:39:52"]
[PlyCount "89"]
[White "MartinezMartin"]
[Black "RobertYoann"]
[WhiteElo "1917"]
[BlackElo "2071"]
[Mode "WEB"]
[Result "1/2-1/2"]

1. d4 f5 2. Qd3 d5 3. g4 e6 4. gxf5 exf5 5. Nh3 Nf6 6. Rg1 g6 7. Nd2 Bg7 8. Nf3
b6 9. Bf4 O-O 10. Ne5 Ng4 11. Qg3 c5 12. f3 Nxe5 13. Bxe5 Bxe5 14. dxe5 Nc6 15.
O-O-O d4 16. e3 Qe7 17. f4 Be6 18. Kb1 dxe3 19. Ng5 Rad8 20. Rxd8 Rxd8 21. b3
Rd1+ 22. Kb2 Nd4 23. Qxe3 Kg7 24. h4 h6 25. h5 hxg5 26. Rxg5 Qxg5 27. fxg5 Rxf1
28. h6+ Kh7 29. c3 Nc6 30. Qd2 Nxe5 31. Qd6 Rf2+ 32. Ka3 Nf7 33. Qxe6 Nxg5 34.
Qe3 Rg2 35. Qe7+ Kxh6 36. Qxa7 Ne4 37. Qxb6 Nxc3 38. Qxc5 Ne4 39. Qe3+ Kg7 40.
Qd4+ Kf7 41. Qd5+ Kf6 42. Qd4+ Kf7 43. Qd5+ Kf6 44. Qd4+ Kf7 {Nulle par répétition} 1/2-1/2

[Event "Tournament 14472 - Europe Echecs"]
[Site "Europe Echecs"]
[Date "2020.07.10"]
[Round "4"]
[Time "15:39:52"]
[PlyCount "55"]
[White "courjalpauline"]
[Black "CavaillesEvan"]
[WhiteElo "1848"]
[BlackElo "2018"]
[Mode "WEB"]
[Result "0-1"]

1. e4 c5 2. Nc3 Nc6 3. g3 g6 4. Bg2 Bg7 5. d3 e6 6. Be3 b6 7. Qd2 Nge7 8. Bh6
O-O 9. h4 f6 10. Bxg7 Kxg7 11. Nge2 Bb7 12. f4 d5 13. exd5 exd5 14. h5 f5 15.
Ng1 d4 16. Nce2 Nd5 17. Bxd5 Qxd5 18. Rh2 Rae8 19. Kf2 Re3 20. Re1 Rfe8 21. Nc3
dxc3 22. Qxc3+ Qd4 23. Rxe3 Rxe3 24. Ne2 Qxc3 25. Nxc3 Re8 26. Nb5 Nd4 27. Kf1
Nxb5 {courjalpauline a abandonné} 0-1

[Event "Tournament 14472 - Europe Echecs"]
[Site "Europe Echecs"]
[Date "2020.07.10"]
[Round "4"]
[Time "15:39:52"]
[PlyCount "46"]
[White "ArhanTanguy"]
[Black "AlaimeMaxime"]
[WhiteElo "2016"]
[BlackElo "1834"]
[Mode "WEB"]
[Result "1-0"]

1. e4 c5 2. Nf3 Nc6 3. Nc3 g6 4. d4 cxd4 5. Nxd4 Bg7 6. Nde2 Nf6 7. g3 O-O 8.
Bg2 d6 9. h3 Bd7 10. O-O Rc8 11. Be3 a6 12. a4 Na5 13. b3 b5 14. axb5 axb5 15.
Ra2 Bc6 16. Nd5 Bxd5 17. exd5 Nd7 18. Bd4 Ne5 19. f4 Nd7 20. Bxg7 Kxg7 21. Qa1+
f6 22. Rxa5 Rxc2 23. Nd4 {AlaimeMaxime a abandonné} 1-0

[Event "Tournament 14472 - Europe Echecs"]
[Site "Europe Echecs"]
[Date "2020.07.10"]
[Round "4"]
[Time "15:39:52"]
[PlyCount "106"]
[White "CaptonRafael"]
[Black "BabaudAntoine"]
[WhiteElo "1737"]
[BlackElo "1943"]
[Mode "WEB"]
[Result "1-0"]

1. e4 c5 2. Nf3 d6 3. d4 cxd4 4. Nxd4 Nf6 5. Nc3 e6 6. Bc4 Be7 7. Be3 Nc6 8. h3
a6 9. Bb3 Qc7 10. Qd2 Ne5 11. Qe2 b5 12. a3 Bb7 13. f3 Nc4 14. Bxc4 bxc4 15. Qf2
O-O 16. g4 d5 17. exd5 exd5 18. Nf5 Bd6 19. O-O Rfe8 20. Bd4 Be5 21. Rae1 Nd7
22. f4 Bxd4 23. Qxd4 Qc5 24. Qxc5 Nxc5 25. Nd6 Red8 26. Nxb7 Nxb7 27. Re7 Rab8
28. Rfe1 h6 29. R1e5 d4 30. Nd5 Nd6 31. Nb4 Rb5 32. Re1 a5 33. Nc6 Rf8 34. Rd7
Nc8 35. Rxd4 Rc5 36. Ne5 Re8 37. Red1 Kh7 38. Nxf7 Re7 39. Ne5 Nb6 40. Rd6 Rb7
41. Kg2 Na4 42. Nd7 Rcc7 43. Ne5 Rxb2 44. R6d2 c3 45. Re2 Ra2 46. Rd8 Nc5 47.
Re8 Rxa3 48. g5 hxg5 49. fxg5 Ra4 50. g6+ Kh6 51. Rh8+ Kg5 52. Rf2 Ne4 53. h4# {BabaudAntoine est échec et mat} 1-0

[Event "Tournament 14472 - Europe Echecs"]
[Site "Europe Echecs"]
[Date "2020.07.10"]
[Round "4"]
[Time "15:39:52"]
[PlyCount "97"]
[White "BriandAmaury"]
[Black "BrunPierre"]
[WhiteElo "1929"]
[BlackElo "1803"]
[Mode "WEB"]
[Result "0-1"]

1. e4 e5 2. Nf3 Nc6 3. Bc4 Bc5 4. c3 Nf6 5. d4 exd4 6. e5 d5 7. Bb5 Ne4 8. cxd4
Bb4+ 9. Bd2 Nxd2 10. Nbxd2 O-O 11. Bxc6 bxc6 12. O-O Bd7 13. Nb3 Rb8 14. Rc1 c5
15. a3 c4 16. axb4 Ba4 17. Qd2 Bxb3 18. Ra1 Rb7 19. Qc3 Qe7 20. Nd2 Rxb4 21.
Rxa7 Rfb8 22. Rfa1 Qd8 23. h3 h6 24. Nxb3 Rxb3 25. Qa5 Rxb2 26. Qxc7 Rb1+ 27.
Rxb1 Rxb1+ 28. Kh2 Qxc7 29. Rxc7 Rd1 30. Rc8+ Kh7 31. Rc7 Rxd4 32. Rxf7 Re4 33.
Re7 c3 34. e6 d4 35. f3 Re1 36. Rd7 c2 37. Rxd4 c1=Q 38. Re4 Rxe4 39. fxe4 Qf4+
40. Kg1 Qxe4 41. e7 Qxe7 42. Kf2 Kg6 43. Kg3 Qe3+ 44. Kh2 Kf5 45. g4+ Kf4 46.
Kg2 Qe2+ 47. Kg1 Kg3 48. g5 Qe1# {BriandAmaury est échec et mat} 0-1

[Event "Tournament 14472 - Europe Echecs"]
[Site "Europe Echecs"]
[Date "2020.07.10"]
[Round "4"]
[Time "15:39:52"]
[PlyCount "80"]
[White "SumarrivaPauliL"]
[Black "DelageJonas"]
[WhiteElo "2023"]
[BlackElo "1491"]
[Mode "WEB"]
[Result "1-0"]

1. d4 Nf6 2. c4 e6 3. Nc3 Bb4 4. e3 b6 5. Nge2 Bb7 6. a3 Be7 7. Nf4 O-O 8. Bd3
d5 9. O-O dxc4 10. Bxc4 Nd5 11. Ncxd5 exd5 12. Bb3 Qd7 13. Bc2 c5 14. dxc5 bxc5
15. b3 Bf6 16. Rb1 d4 17. exd4 cxd4 18. Bb2 Nc6 19. Qd3 g6 20. b4 Bg7 21. Rfd1
Ne5 22. Qg3 Rfd8 23. Nd3 Nxd3 24. Bxd3 Rac8 25. h4 Qd5 26. Re1 Kf8 27. Be4 Qd7
28. Bxb7 Qxb7 29. Rbd1 Rc2 30. Ba1 Qa6 31. Qg5 Qd6 32. h5 Ra2 33. h6 Bh8 34. Qh4
Bf6 35. Qg4 Rxa3 36. b5 d3 37. Bxf6 Qxf6 38. Qb4+ Qd6 39. Qb2 Ra5 40. Qh8# {DelageJonas est échec et mat} 1-0

[Event "Tournament 14472 - Europe Echecs"]
[Site "Europe Echecs"]
[Date "2020.07.10"]
[Round "4"]
[Time "15:39:52"]
[PlyCount "132"]
[White "LecciaAntoine"]
[Black "RebutPaul"]
[WhiteElo "1950"]
[BlackElo "1966"]
[Mode "WEB"]
[Result "1/2-1/2"]

1. d3 d5 2. Nf3 Nf6 3. Nbd2 c5 4. e4 dxe4 5. dxe4 Nc6 6. Bc4 Bg4 7. O-O e6 8. c3
Be7 9. Re1 O-O 10. Qe2 Ne5 11. Bb3 Qd3 12. Qxd3 Nxd3 13. Re3 Rfd8 14. Bc4 Nxc1
15. Rxc1 Bxf3 16. Nxf3 Nh5 17. g3 a6 18. a4 Nf6 19. Ree1 Nd7 20. a5 Nb8 21. Ne5
Nd7 22. Nxd7 Rxd7 23. Red1 Rad8 24. Rxd7 Rxd7 25. Rc2 g6 26. Be2 Rd6 27. Kf1 Rc6
28. Bc4 Kg7 29. Ke2 Kf6 30. Kd3 Rd6+ 31. Ke2 Rd8 32. b3 h5 33. h3 Rd7 34. Rd2
Rxd2+ 35. Kxd2 Ke5 36. Kd3 Kd6 37. f4 Kc6 38. g4 hxg4 39. hxg4 Bd8 40. b4 Bc7
41. f5 cxb4 42. cxb4 gxf5 43. gxf5 exf5 44. exf5 f6 45. Kc3 Be5+ 46. Kb3 Bd6 47.
Be2 Bf4 48. Kc4 Bd2 49. Bf3+ Kc7 50. Bd5 b6 51. axb6+ Kxb6 52. Bg8 a5 53. bxa5+
Kxa5 54. Kd5 Bc3 55. Ke6 Be5 56. Bh7 Kb4 57. Bg8 Kc3 58. Bh7 Kd2 59. Bg8 Ke3 60.
Bh7 Kf4 61. Bg6 Kg5 62. Kd5 Kf4 63. Kc4 Kg5 64. Kd3 Kf4 65. Kc4 Kg5 66. Kd5 {Nulle par accord mutuel} 1/2-1/2

[Event "Tournament 14472 - Europe Echecs"]
[Site "Europe Echecs"]
[Date "2020.07.10"]
[Round "4"]
[Time "15:39:52"]
[PlyCount "88"]
[White "MathieuPhileas"]
[Black "AllardNedellecG"]
[WhiteElo "2214"]
[BlackElo "1768"]
[Mode "WEB"]
[Result "1-0"]

1. e4 e6 2. d3 d5 3. Qe2 Be7 4. Nf3 Nf6 5. g3 b5 6. Bg2 c5 7. O-O Nc6 8. e5 Nd7
9. c4 bxc4 10. dxc4 d4 11. Bf4 Bb7 12. h4 Qc7 13. Re1 O-O 14. b3 a5 15. Na3 h6
16. Nb5 Qb6 17. a4 Rad8 18. Rad1 Nb4 19. h5 d3 20. Qd2 Kh7 21. Nh2 Bxg2 22. Kxg2
f6 23. exf6 Bxf6 24. Qe3 e5 25. Qe4+ Kh8 26. Bd2 Nb8 27. Bxb4 cxb4 28. Rxd3 Nd7
29. Rd6 Qb8 30. Qd5 Nb6 31. Qc5 Be7 32. Rxd8 Qxd8 33. Qxe5 Bf6 34. Qe4 Qd2 35.
Qe3 Qd8 36. Nf3 Nc8 37. Ne5 Bxe5 38. Qxe5 Qd2 39. Re2 Qd1 40. Nd4 Rd8 41. Nf5
Rd7 42. Qe8+ Kh7 43. Qg6+ Kh8 44. Re8# {AllardNedellecG est échec et mat} 1-0

[Event "Tournament 14472 - Europe Echecs"]
[Site "Europe Echecs"]
[Date "2020.07.10"]
[Round "4"]
[Time "15:39:52"]
[PlyCount "137"]
[White "FondratJohan"]
[Black "KuhnClement"]
[WhiteElo "1509"]
[BlackElo "2150"]
[Mode "WEB"]
[Result "0-1"]

1. e4 c5 2. c3 d5 3. exd5 Qxd5 4. d4 Nf6 5. Nf3 e6 6. Be3 cxd4 7. cxd4 Nc6 8.
Nc3 Bb4 9. a3 Bxc3+ 10. bxc3 O-O 11. Bd3 b6 12. O-O Bb7 13. Re1 Rac8 14. Rc1 Na5
15. Bg5 Qd8 16. Ne5 h6 17. Bh4 Nc6 18. Bxf6 Qxf6 19. Nd7 Qg5 20. Nxf8 Rxf8 21.
Be4 Rd8 22. Qf3 Rc8 23. Rcd1 f5 24. Bxc6 Bxc6 25. Qg3 Qf6 26. Qe5 Qxe5 27. Rxe5
Bd5 28. Rc1 Rc4 29. Kf1 Kf7 30. f3 b5 31. Ke2 a5 32. Re3 Ra4 33. Ra1 f4 34. Rd3
Bc4 35. Kd2 Bxd3 36. Kxd3 b4 37. cxb4 axb4 38. Kc4 bxa3+ 39. Kd3 Ke7 40. Ke4 g5
41. h4 Kd6 42. hxg5 hxg5 43. Ra2 e5 44. Kf5 exd4 45. Kxg5 d3 46. Kf5 Kd5 47. Kg4
Kd4 48. Kxf4 Kc3+ 49. Ke3 Kb3 50. Rd2 a2 51. Rxd3+ Kc4 52. Rd4+ Kb5 53. Rd1 a1=Q
54. Rxa1 Rxa1 55. g4 Kc6 56. Kf4 Kd6 57. Kf5 Ke7 58. Kg5 Kf7 59. f4 Ra5+ 60. f5
Kg7 61. Kf4 Rb5 62. g5 Rb1 63. Ke5 Rg1 64. Kf4 Rg2 65. g6 Kf6 66. Kf3 Rg5 67.
Ke4 Rxf5 68. g7 Rg5 {FondratJohan a abandonné} 0-1

[Event "Tournament 14472 - Europe Echecs"]
[Site "Europe Echecs"]
[Date "2020.07.10"]
[Round "4"]
[Time "15:39:52"]
[PlyCount "56"]
[White "AdrianLeopold"]
[Black "RenaudinAxelle"]
[WhiteElo "2061"]
[BlackElo "1526"]
[Mode "WEB"]
[Result "1-0"]

1. c4 Nf6 2. Nc3 e6 3. e4 d5 4. e5 Nfd7 5. d4 c5 6. cxd5 cxd4 7. Qxd4 Bc5 8. Qf4
exd5 9. Nxd5 O-O 10. Nf3 Re8 11. Bc4 Nc6 12. O-O Ndxe5 13. Nxe5 Nxe5 14. b4 Bb6
15. Bb2 Nxc4 16. Qxc4 Be6 17. Qc3 Qg5 18. Nxb6 axb6 19. f4 Qg6 20. f5 Bxf5 21.
Rxf5 Re2 22. Rf2 Rxf2 23. Kxf2 Qf5+ 24. Kg1 Qg6 25. Qg3 Qh6 26. Re1 f6 27. Qb3+
Kh8 28. Qf7 {RenaudinAxelle a abandonné} 1-0

[Event "Tournament 14472 - Europe Echecs"]
[Site "Europe Echecs"]
[Date "2020.07.10"]
[Round "4"]
[Time "15:39:52"]
[PlyCount "51"]
[White "GlemeeMalo"]
[Black "CuttoliAlexand"]
[WhiteElo "1474"]
[BlackElo "2044"]
[Mode "WEB"]
[Result "0-1"]

1. d4 Nf6 2. Nf3 g6 3. c4 Bg7 4. Nc3 d6 5. e4 O-O 6. Be3 Bg4 7. h3 Bxf3 8. Qxf3
Nc6 9. Bd3 e5 10. d5 Nd4 11. Bxd4 exd4 12. Nb5 Re8 13. O-O Nd7 14. Qd1 a6 15.
Na3 Nc5 16. f3 Qh4 17. b4 Nd7 18. Qd2 Bh6 19. f4 a5 20. b5 Nc5 21. Rae1 f5 22.
Nc2 fxe4 23. Nxd4 Nxd3 24. Rb1 Bxf4 25. Qe2 Qg3 {GlemeeMalo a abandonné} 0-1

[Event "Tournament 14472 - Europe Echecs"]
[Site "Europe Echecs"]
[Date "2020.07.10"]
[Round "4"]
[Time "15:39:52"]
[PlyCount "69"]
[White "ThibaudetVince"]
[Black "LambachMaxime"]
[WhiteElo "1450"]
[BlackElo "1980"]
[Mode "WEB"]
[Result "0-1"]

1. e4 c5 2. Bc4 d6 3. Nc3 Nf6 4. Nf3 e6 5. d4 cxd4 6. Qxd4 Nc6 7. Bb5 Bd7 8.
Bxc6 Bxc6 9. O-O Be7 10. Bg5 O-O 11. Rad1 d5 12. exd5 Nxd5 13. Bxe7 Qxe7 14.
Nxd5 Bxd5 15. Qe3 Rfd8 16. b3 b5 17. Rd2 Rac8 18. Rfd1 Qb7 19. Ne5 b4 20. Nc4
Qc7 21. Qd4 Re8 22. Ne5 Qb7 23. Qf4 Re7 24. Qg3 Rec7 25. Rc1 Rc3 26. Qg4 a5 27.
h3 Qb5 28. Nf3 Bxf3 29. gxf3 h6 30. Qe4 Qg5+ 31. Kh2 Qxd2 32. Rg1 Rxc2 33. Qg4
Qxf2+ 34. Kh1 Qh2# {ThibaudetVince est échec et mat} 0-1

[Event "Tournament 14472 - Europe Echecs"]
[Site "Europe Echecs"]
[Date "2020.07.10"]
[Round "4"]
[Time "15:39:52"]
[PlyCount "101"]
[White "JaulinVincent"]
[Black "BurgalatEliot"]
[WhiteElo "1438"]
[BlackElo "1963"]
[Mode "WEB"]
[Result "0-1"]

1. e4 e6 2. d4 d5 3. exd5 exd5 4. Bd3 Nf6 5. h3 Bd6 6. Qf3 c5 7. c3 Nc6 8. Ne2
O-O 9. O-O h6 10. Bf4 Re8 11. Bxd6 Qxd6 12. dxc5 Qxc5 13. Nd2 Ne5 14. Qg3 Nh5
15. Qe3 Qxe3 16. fxe3 Nxd3 17. Nd4 Bd7 18. N2f3 Rxe3 19. Kh2 Rae8 20. Rab1 Nhf4
21. a3 Ne2 22. Nc2 R3e7 23. Nfd4 Nxd4 24. Nxd4 Re1 25. Rbxe1 Rxe1 26. Rf3 Ne5
27. Rf2 Re3 28. g3 Kf8 29. g4 Ke7 30. Kg2 Nd3 31. Rf1 Re1 32. Rf3 Rd1 33. Re3+
Kd6 34. Rf3 Ne1+ 35. Kg3 Nxf3 36. Kxf3 Rb1 37. b3 Be6 38. a4 a6 39. a5 Rc1 40.
Ne2 Ra1 41. b4 Kc6 42. Ke3 Kb5 43. Kd4 Rd1+ 44. Ke3 Re1 45. Kd2 Rxe2+ 46. Kxe2
Kc4 47. Kd2 f5 48. gxf5 Bxf5 49. h4 g5 50. hxg5 hxg5 {JaulinVincent a abandonné} 0-1

[Event "Tournament 14472 - Europe Echecs"]
[Site "Europe Echecs"]
[Date "2020.07.10"]
[Round "4"]
[Time "15:39:52"]
[PlyCount "143"]
[White "EvrinSelvam"]
[Black "GuignardJonath"]
[WhiteElo "1882"]
[BlackElo "1523"]
[Mode "WEB"]
[Result "1/2-1/2"]

1. e4 e5 2. Nf3 Nc6 3. Bc4 Nf6 4. d3 Be7 5. O-O d6 6. c3 O-O 7. Re1 Na5 8. Bb5
c6 9. Ba4 b5 10. Bc2 c5 11. Nbd2 Re8 12. Nf1 Bf8 13. h3 g6 14. d4 Nc6 15. Ng3
Bg7 16. Be3 cxd4 17. cxd4 Bb7 18. d5 Ne7 19. Bd3 a6 20. b4 Nd7 21. a4 Rf8 22.
axb5 axb5 23. Bxb5 f5 24. Bg5 Nf6 25. Bc4 fxe4 26. Nxe4 Qc7 27. Rc1 Qb6 28.
Nxf6+ Bxf6 29. Bh6 Bg7 30. Qd2 Nf5 31. Bxg7 Kxg7 32. Ng5 Nd4 33. Re4 Rf6 34.
Rce1 Ra4 35. Rxd4 Qxd4 36. Ne6+ Rxe6 37. Qxd4 exd4 38. dxe6 Bc6 39. e7 Ra8 40.
b5 Bd7 41. Bd5 Re8 42. Bc6 Bxc6 43. bxc6 Kf7 44. f3 Rxe7 45. Rxe7+ Kxe7 46. Kf2
Kd8 47. Ke2 Kc7 48. Kd3 Kxc6 49. Kxd4 d5 50. g3 Kd6 51. f4 h6 52. g4 h5 53. gxh5
gxh5 54. f5 h4 55. f6 Ke6 56. f7 Kxf7 57. Kxd5 Kf6 58. Kd4 Kf5 59. Ke3 Ke5 60.
Kf3 Kf5 61. Ke3 Ke5 62. Kf3 Kf5 63. Kg2 Ke5 64. Kf2 Kf4 65. Kg2 Ke3 66. Kh2 Kf2
67. Kh1 Kg3 68. Kg1 Kxh3 69. Kh1 Kg3 70. Kg1 h3 71. Kh1 h2 {Nulle par pat} 1/2-1/2